00488nam a2200169Ia 4500008004100000040001900041041001200060082002300072100002000095245005100115260003500166300003100201504001900232650002000251651002900271850001800300131103s9999 xx 000 0 und d aLoreto College aEnglish a938/HAMbLCBkB/540 aHammond, N.G.L. 2aA history of Greece to 322 B.C.cN.G.L.Hammond aOxfordbAt The Clarendonc1967 axxii,691 p.b pic.c 22cm. aIncludes index aAncient History aGreece - Ancient History aLCBkB/938/HAM